| 000 | 01429ata a2200517 4500 | ||
|---|---|---|---|
| 005 | 20251121173344.0 | ||
| 008 | 150520b2005 xxu||||| |||| 00| 0 spa d | ||
| 020 | _a9789586485111 | ||
| 041 | _aESP | ||
| 082 | _a519.5 E385e12 | ||
| 100 | _aMartínez Bencardino, Ciro | ||
| 245 | _aEstadística y muestreo | ||
| 250 | _a12 edición | ||
| 260 | _aColombia | ||
| 260 | _bECOE Ediciones | ||
| 260 | _c2005 | ||
| 300 | _a1100 páginas | ||
| 490 | _aDirección y Administración de Empresas | ||
| 490 | _aGestión de Calidad | ||
| 505 | _aContiene disco compacto N° 539 | ||
| 505 | _aContiene disco compacto con solucionarios y prácticas | ||
| 650 | _aESTADÍSTICA | ||
| 650 | _aHISTORIA | ||
| 650 | _aINVESTIGACIONES ESTADÍSTICAS | ||
| 650 | _aRECOLECCIÓN | ||
| 650 | _aCRÍTICA | ||
| 650 | _aCODIFICACIÓN | ||
| 650 | _aANÁLISIS E INTERPRETACIÓN | ||
| 650 | _aENCUESTAS | ||
| 650 | _aDISTRIBUCIONES DE FRECUENCIA | ||
| 650 | _aVARIABLES | ||
| 650 | _aMEDIDAS DE POSICIÓN | ||
| 650 | _aMEDIDAS DE DISPERSIÓN | ||
| 650 | _aMEDIDAS DE DEFORMACION | ||
| 650 | _aMEDIDAS DE APUNTAMIENTO | ||
| 650 | _aPROBABILIDAD | ||
| 650 | _aDISTRIBUCIONES PROBABILÍSTICAS | ||
| 650 | _aMUESTRA | ||
| 650 | _aHIPÓTESIS | ||
| 650 | _aLÍMITES DE CONFIANZA | ||
| 650 | _aREGRESIÓN | ||
| 650 | _aCORRELACIÓN | ||
| 650 | _aSERIES DE TIEMPO | ||
| 942 |
_cBK _2ddc |
||
| 999 |
_c5802 _d5802 |
||